000 01301nam a2200265 a 4500
001 000026246
005 20250924073802.0
008 110307s1976 dr 000 0 spa d
040 _aDO-SdBNP
_bspa
_cBNPHU
082 _a972.9305
_bL925d
100 1 _aLozano, Wilfredo
_d1950-
_97126
245 1 3 _aLa dominación imperialista en la República Dominicana, 1900-1930 :
_bestudio de la primera ocupación norteamericana de Santo Domingo /
_cWilfredo Lozano.
260 _aSanto Domingo :
_bEditora de la Universidad Autónoma de Santo Domingo,
_c1976.
_fEditora Taller
300 _a294 p ;
_c22 cm.
490 1 _aPublicaciones de la Universidad Autónoma de Santo Domingo
_v189
490 1 _aHistoria y sociedad
_v21
504 _aBibliografía: p. 287-294
651 0 _aRepública Dominicana --
_xHistoria --
_yOcupación norteamericana, 1916-1924
_91926
651 4 _aRepública Dominicana
_xCondiciones Económicas
_y1916-1924
_953273
651 4 _aRepública Dominicana
_xRelaciones Económicas Exteriores
_zEstados Unidos
_944673
651 4 _aEstados Unidos
_xRelaciones Económicas Exteriores
_zRepública Dominicana
_944672
830 _aPublicaciones de la Universidad Autónoma de Santo Domingo
_v189
_952
830 0 _aHistoria y sociedad
_n21
_953274
910 _aValidado. Control de calidad MFF
999 _c25738
_d25738